[Event "FISU World University (Women)"]
[Site "Entebbe"]
[Date "2024.06.28"]
[Round "7"]
[White "Mahajan, Mokshada D"]
[Black "Babirye, Stella"]
[Result "1-0"]
[WhiteElo "1504"]
[BlackElo "1562"]
[PlyCount "39"]
[EventDate "2024.06.25"]
[EventType "swiss"]
[EventRounds "9"]
[EventCountry "UGA"]
[SourceTitle "CBM 220 Extra"]
[Source "ChessBase"]
[SourceDate "2024.07.31"]
[SourceVersion "1"]
[SourceVersionDate "2024.07.31"]
[SourceQuality "1"]

1. e4 e5 2. Nf3 Nc6 3. d4 exd4 4. Nxd4 Nxd4 5. Qxd4 d6 6. Nc3 c5 7. Qd3 Nf6 8. Bf4 a6 9. 0-0-0 Be7 10. Bxd6 0-0 11. e5 Ng4 12. Qf3 Nh6 13. h3 Nf5 14. Bxc5 Qe8 15. Bxe7 Nxe7 16. Bd3 Nc6 17. Rhe1 Nxe5 18. Bxh7+ Kh8 19. Qh5 g6 20. Bxg6+ 1-0

[Event "FISU World University (Women)"]
[Site "Entebbe"]
[Date "2024.06.28"]
[Round "6"]
[White "Nassiwa, Margaret Musoke"]
[Black "Mahajan, Mokshada D"]
[Result "0-1"]
[WhiteElo "1510"]
[BlackElo "1504"]
[PlyCount "82"]
[EventDate "2024.06.25"]
[EventType "swiss"]
[EventRounds "9"]
[EventCountry "UGA"]
[SourceTitle "CBM 220 Extra"]
[Source "ChessBase"]
[SourceDate "2024.07.31"]
[SourceVersion "1"]
[SourceVersionDate "2024.07.31"]
[SourceQuality "1"]

1. d4 Nf6 2. e3 d6 3. Bd3 g6 4. Nf3 Bg7 5. b3 c5 6. Bb2 0-0 7. c4 cxd4 8. exd4 Nc6 9. a3 e5 10. dxe5 dxe5 11. Nxe5 Nxe5 12. Bxe5 Re8 13. f4 Ng4 14. Ra2 Nxe5 15. fxe5 Rxe5+ 16. Re2 Bg4 17. 0-0 Bxe2 18. Bxe2 Qb6+ 19. Kh1 Rd8 20. Qc2 Qe6 21. Re1 Re8 22. Nc3 Re3 23. Nb5 Rxe2 24. Rxe2 Qxe2 25. Qxe2 Rxe2 26. g3 a6 27. Nd6 b6 28. b4 Bf8 29. Nb7 Rd2 30. c5 bxc5 31. bxc5 Rd7 32. c6 Rc7 33. Na5 Bxa3 34. Nc4 Bb4 35. Ne5 Bd6 36. Ng4 Kg7 37. Ne3 Rxc6 38. Nd5 a5 39. g4 a4 40. h3 a3 41. g5 a2 0-1

[Event "FISU World University-ch Blitz"]
[Site "Entebbe"]
[Date "2024.06.26"]
[Round "1"]
[White "Mahajan, Mokshada D"]
[Black "Kanakova, Natalie"]
[Result "0-1"]
[WhiteElo "1504"]
[BlackElo "2035"]
[PlyCount "84"]
[EventDate "2024.06.26"]
[EventType "swiss (blitz)"]
[EventRounds "9"]
[EventCountry "UGA"]
[SourceTitle "CBM 221 Extra"]
[Source "ChessBase"]
[SourceDate "2024.09.30"]
[SourceVersion "1"]
[SourceVersionDate "2024.09.30"]
[SourceQuality "1"]

1. e4 c5 2. Nf3 e6 3. d4 cxd4 4. Nxd4 Nf6 5. Nc3 Nc6 6. f3 Bb4 7. a3 Bxc3+ 8. bxc3 0-0 9. Be3 d5 10. exd5 Nxd5 11. Bd2 Nxd4 12. cxd4 Qh4+ 13. g3 Qxd4 14. Bd3 e5 15. Kf1 Bh3+ 16. Ke1 Bg2 17. Rf1 Bxf1 18. Kxf1 Ne3+ 19. Bxe3 Qxe3 20. Rc1 Rad8 21. Qe1 Qc5 22. a4 f5 23. Bb5 a6 24. Bd3 e4 25. fxe4 fxe4+ 26. Kg2 exd3 27. cxd3 Qd5+ 28. Kg1 Qxd3 29. h3 Rde8 30. Qd1 Qxg3+ 31. Kh1 Qxh3+ 32. Kg1 Qg3+ 33. Kh1 Rf6 34. Qd5+ Kh8 35. Qg2 Qh4+ 36. Kg1 Rg6 37. Qxg6 hxg6 38. Rf1 Qg3+ 39. Kh1 Re2 40. Rf8+ Kh7 41. Rh8+ Kxh8 42. a5 Qg2# 0-1

[Event "FISU World University (Women)"]
[Site "Entebbe"]
[Date "2024.06.25"]
[Round "1"]
[White "Mahajan, Mokshada D"]
[Black "Kanakova, Natalie"]
[Result "0-1"]
[WhiteElo "1504"]
[BlackElo "2167"]
[PlyCount "82"]
[EventDate "2024.06.25"]
[EventType "swiss"]
[EventRounds "9"]
[EventCountry "UGA"]
[SourceTitle "CBM 220 Extra"]
[Source "ChessBase"]
[SourceDate "2024.07.31"]
[SourceVersion "1"]
[SourceVersionDate "2024.07.31"]
[SourceQuality "1"]

1. e4 c5 2. Nf3 a6 3. d4 cxd4 4. Nxd4 e5 5. Nf3 Nf6 6. Bd3 Nc6 7. Bg5 d5 8. Nbd2 Be7 9. exd5 Nxd5 10. Bxe7 Qxe7 11. Be4 Be6 12. 0-0 f5 13. Bxd5 Bxd5 14. c4 Be6 15. Kh1 Rd8 16. Qe1 e4 17. Ng1 0-0 18. f3 Qb4 19. Rf2 Ne5 20. a3 Qd6 21. Re2 Nd3 22. Qf1 Nf4 23. Nxe4 fxe4 24. Rxe4 Bf5 25. c5 Qd2 26. Qc4+ Be6 27. Qf1 Bd5 28. Rd1 Qxd1 29. Qxd1 Bxe4 30. Qb3+ Bd5 31. Qc3 Kh8 32. g3 Ne2 33. Qe3 Nxg1 34. Kxg1 Rxf3 35. Qg5 Rff8 36. Qc1 Bf3 37. Qe3 Rde8 38. Qc3 Re2 39. b4 Bg2 40. h4 Rf1+ 41. Kh2 Rh1# 0-1